Statistics for Melbourne Railway Stations

Click here to take the quiz!

General Stats

  • This quiz has been taken 1,385 times
    (579 since last reset)
  • The average score is 107 of 222

Answer Stats

Station % Correct
Flinders Street
96%
Southern Cross
90%
Richmond
86%
Frankston
85%
Melbourne Central
85%
Parliament
85%
Flagstaff
81%
Footscray
79%
Lilydale
77%
North Melbourne
74%
South Yarra
74%
Pakenham
73%
Cranbourne
73%
Sandringham
73%
Collingwood
71%
Belgrave
71%
Williamstown
71%
East Richmond
70%
Werribee
70%
Glen Waverley
69%
Hawthorn
68%
Caulfield
68%
Altona
68%
Jolimont
67%
Camberwell
66%
Dandenong
65%
Sunshine
65%
Box Hill
64%
Craigieburn
63%
Essendon
63%
Toorak
62%
Ringwood
62%
Alamein
62%
Brunswick
62%
Clifton Hill
62%
Mernda
62%
Burnley
61%
South Morang
61%
Hurstbridge
60%
Sunbury
60%
Malvern
60%
Kensington
59%
North Richmond
59%
Broadmeadows
59%
Coburg
59%
Ivanhoe
58%
Heidelberg
57%
Prahran
57%
Blackburn
57%
Eltham
57%
Hoppers Crossing
57%
Epping
57%
West Footscray
56%
Stony Point
56%
Preston
56%
Brighton Beach
56%
Northcote
55%
Mount Waverley
55%
Upfield
54%
Armadale
54%
Balaclava
54%
Elsternwick
54%
West Richmond
54%
Glenferrie
54%
Bell
53%
Greensborough
52%
Ferntree Gully
52%
East Malvern
52%
Alphington
52%
Victoria Park
52%
Glen Iris
51%
Windsor
51%
Laverton
51%
Burwood
51%
Moonee Ponds
51%
Ascot Vale
51%
Fairfield
51%
Newport
51%
Yarraville
51%
Oakleigh
50%
Bentleigh
50%
Reservoir
50%
Hampton
50%
Diamond Creek
50%
Croydon
49%
Flemington Racecourse
48%
Diggers Rest
48%
Rosanna
48%
Canterbury
48%
Surrey Hills
48%
Auburn
48%
Williams Landing
48%
Chelsea
48%
East Camberwell
48%
Officer
48%
Ashburton
47%
Nunawading
47%
Carrum
47%
Dennis
47%
Southland
47%
Cheltenham
47%
South Kensington
47%
Middle Brighton
46%
Spotswood
46%
Hawksburn
46%
St Albans
46%
North Brighton
46%
Thornbury
46%
Watergardens
46%
Clayton
46%
Moorabbin
46%
Tottenham
46%
North Williamstown
46%
Thomastown
46%
Mitcham
46%
Ringwood East
45%
Eaglemont
45%
Mont Albert
45%
Mordialloc
45%
Carnegie
45%
Springvale
45%
Syndal
45%
Watsonia
45%
Seaford
45%
Jewell
45%
Seddon
45%
Lalor
45%
Macleod
45%
Showgrounds
45%
Royal Park
44%
Upper Ferntree Gully
44%
Williamstown Beach
44%
Pascoe Vale
44%
Kooyong
44%
Darebin
44%
Mentone
44%
Aircraft
44%
Noble Park
43%
Westgarth
43%
Edithvale
43%
Rushall
43%
Middle Footscray
43%
Upwey
43%
Albion
42%
Boronia
42%
Glenhuntly
42%
Montmorency
42%
Fawkner
42%
Gardenvale
41%
Glenroy
41%
Flemington Bridge
41%
Jacana
41%
Ripponlea
41%
Roxburgh Park
41%
Merri
41%
Berwick
41%
Highett
40%
Huntingdale
40%
Riversdale
40%
Tecoma
40%
Narre Warren
40%
Murrumbeena
40%
Strathmore
40%
Newmarket
40%
Ormond
40%
Bonbeach
40%
Bayswater
39%
Beaconsfield
39%
Heyington
39%
Heathmont
39%
Seaholme
39%
Laburnum
38%
Batman
38%
Moreland
38%
Aspendale
38%
Hughesdale
37%
Keon Park
37%
Darling
37%
Oak Park
37%
Chatham
37%
Jordanville
37%
Croxton
37%
Mooroolbark
36%
McKinnon
36%
Macaulay
36%
Heatherdale
36%
Ruthven
35%
Ginifer
35%
Wattle Glen
35%
Holmesglen
35%
Baxter
34%
Westona
34%
Tooronga
34%
Anstey
34%
Hawkstowe
34%
Patterson
34%
Regent
34%
Kananook
33%
Coolaroo
33%
Gowrie
33%
Hallam
33%
Cardinia Road
33%
Middle Gorge
32%
Parkdale
32%
Gardiner
32%
Glenbervie
32%
Willison
32%
Hartwell
31%
Westall
31%
Lynbrook
30%
Keilor Plains
30%
Hastings
29%
Sandown Park
29%
Yarraman
29%
Crib Point
29%
Merlynston
28%
Tyabb
27%
Somerville
26%
Leawarra
25%
Merinda Park
24%
Bittern
23%
Morradoo
19%

Score Distribution

Percentile by Number Answered

Percent of People with Each Score

Your Score History

You have not taken this quiz since the last reset